000 00263nam a2200085Ia 4500
245 0 _aThe one that got away : short stories
100 _a WICOMB, Zoe Roggebaai [South Africa], 2008 1st ed
_979214
942 _cBK
008 210817s9999 xx 000 0 und d
999 _c275635
_d275634